| 000 | 00742nam a22002537a 4500 | ||
|---|---|---|---|
| 003 | DO-SdBNP | ||
| 005 | 20210921134320.0 | ||
| 007 | ta | ||
| 008 | 210921b 1999 ck 00| 0 eng d | ||
| 020 | _a9580452059 | ||
| 040 |
_aDO-SdBNP _bspa _cBNPHU |
||
| 082 | 4 | _aBNPHU | |
| 100 | 1 |
_aDanticat, Edwidge, _d1969- _979983 |
|
| 245 | 1 |
_aCosecha de huesos / _cEdwidge Danticat ; traducción Marcelo Cohen |
|
| 260 |
_aSantafé de Bogotá : _bNorma, _c1999. |
||
| 300 |
_a308 p. ; _c21 cm. |
||
| 490 | _aLa otra orilla | ||
| 500 | _aIncluye datos biográficos de la autora en las solapas | ||
| 590 | _aInventariado, 2021/BT | ||
| 700 | 1 |
_aCohen, Marcelo, _etr. _947681 |
|
| 830 | 0 |
_nLa otra orilla _91904 |
|
| 910 | _aBtavárez | ||
| 942 |
_2ddc _cLBS1 |
||
| 999 |
_c50609 _d50609 |
||